มุมมองปกติ
มุมมองแบบ MARC
- คณะกรรมการป้องกันและปราบปรามการทุจริตแห่งชาติ
รายการ Corporate Name
001 - CONTROL NUMBER
- control field: 12023
003 - CONTROL NUMBER IDENTIFIER
- control field: NALT
005 - DATE AND TIME OF LATEST TRANSACTION
- control field: 20220120111455.0
008 - FIXED-LENGTH DATA ELEMENTS
- fixed length control field: 170807|| aca||aabn | a|a d
040 ## - CATALOGING SOURCE
- Original cataloging agency: NALT
110 2# - HEADING--CORPORATE NAME
- Corporate name or jurisdiction name as entry element: คณะกรรมการป้องกันและปราบปรามการทุจริตแห่งชาติ
